00414nam a2200109Ia 4500008004100000100003800041245008100079260002900160300001800189650001500207856008200222160712s9999 xx 000 0 und d aBarbaza, Peñafrancia Raniela E. cPenafrancia Raniela E. BarbazaaJohnny at Jun Belgica: Pananahan sa Rugaring c2013bHumanities Diliman avol. 10 no. 1 xHUMANITIES uhttp://journals.upd.edu.ph/index.php/humanitiesdiliman/issue/view/389/showToc